Hoàng Việt văn tuyển : t. I (q. I . Tồn Am gia tàng) : Mục lục và cổ phú /
Gespeichert in:
| Format: | Sách giấy |
|---|---|
| Sprache: | Vietnamese |
| Veröffentlicht: |
Sài Gòn :
Phủ Quốc vụ khanh Đặc trách Văn hóa ,
1971
|
| Tags: |
Tag hinzufügen
Keine Tags, Fügen Sie den ersten Tag hinzu!
|
| Thư viện lưu trữ: | Thư viện Trường Đại học Đà Lạt |
|---|
| LEADER | 00642nam a2200229 4500 | ||
|---|---|---|---|
| 001 | DLU020013262 | ||
| 005 | ##6/9/2000 | ||
| 020 | # | # | |a 978- |
| 041 | # | # | |a vie |
| 082 | # | # | |a 895.922 08 |b BU-B |
| 245 | # | # | |a Hoàng Việt văn tuyển : |b t. I (q. I . |n Tồn Am gia tàng) : |p Mục lục và cổ phú / |c Nguyễn Đình Diệm, Bùi Huy Bích |
| 260 | # | # | |a Sài Gòn : |b Phủ Quốc vụ khanh Đặc trách Văn hóa , |c 1971 |
| 300 | # | # | |a 161 tr.; |c 24 cm. |
| 992 | # | # | |a 242 |
| 994 | # | # | |a DLU |
| 900 | # | # | |a False |
| 911 | # | # | |a Administrator |
| 925 | # | # | |a G |
| 926 | # | # | |a A |
| 927 | # | # | |a SH |
| 980 | # | # | |a Thư viện Trường Đại học Đà Lạt |